[Event "Mlada Boleslav Region-ch U12"]
[Site "Mlada Boleslav"]
[Date "2017.06.25"]
[Round "7"]
[White "Novotny, Frantisek4444"]
[Black "Caba, Adam"]
[Result "1/2-1/2"]
[WhiteElo "1144"]
[BlackElo "1093"]
[PlyCount "95"]
[EventDate "2017.06.24"]
[EventType "swiss"]
[EventRounds "7"]
[EventCountry "CZE"]
[SourceTitle "CBM 179 Extra"]
[Source "ChessBase"]
[SourceDate "2017.08.23"]
[SourceVersion "1"]
[SourceVersionDate "2017.08.23"]
[SourceQuality "1"]

1. e4 e5 2. Nf3 Nc6 3. Nc3 Nf6 4. Bc4 Bc5 5. 0-0 0-0 6. d3 d6 7. Bg5 h6 8. Bxf6 Qxf6 9. Nd5 Qd8 10. a3 Be6 11. Nc3 Bxc4 12. dxc4 a6 13. b4 Bd4 14. Nxd4 Nxd4 15. Nd5 c6 16. Ne3 Qf6 17. Qg4 Qf4 18. Qxf4 exf4 19. Nf5 Nxc2 20. Rac1 Nxa3 21. Nxd6 b5 22. cxb5 Nxb5 23. Nxb5 cxb5 24. e5 f6 25. Rce1 fxe5 26. Rxe5 a5 27. Rxb5 axb4 28. Rxb4 Ra7 29. h3 g5 30. g3 fxg3 31. fxg3 Rxf1+ 32. Kxf1 Kg7 33. h4 gxh4 34. gxh4 Ra2 35. Ke1 Kg6 36. Rc4 Kh5 37. Kf1 Rh2 38. Kg1 Rxh4 39. Rxh4+ Kxh4 40. Kh2 Kg4 41. Kg2 h5 42. Kg1 Kg3 43. Kh1 Kh3 44. Kg1 Kg3 45. Kh1 h4 46. Kg1 h3 47. Kh1 Kg4 48. Kh2 1/2-1/2